000 00522nam a2200181 i 4500
001 62749
003 ES-MaACL
005 20250902174547.0
007 t|
008 031125s1969 sp |||| |dspa d
100 1 _aFernández-Braso, Miguel.
_949522
245 1 0 _aGabriel García Márquez /
_cMiguel Fernández-Braso.
260 _aMadrid :
_bAzur,
_c[1969]
300 _a108 p. ;
_c18 cm.
600 1 4 _aGarcía Márquez, Gabriel,
_d1927-2014
_9242191
852 _aES-MaACL
_jC-52271
999 _c62749
_d62749